000 00229nam a22001097a 4500
082 _a530
_bDOC/C
100 _aDOVE MULTIMEDIA
245 _aXII CBSE PHYSICS
260 _aMUMBAI
_bDOVE MULTIMEDIA
_c2009
300 _bCD
942 _cBK
999 _c7434
_d7434